| 000 | 00967nam a2200289 a 4500 | ||
|---|---|---|---|
| 001 | BRL_1738 | ||
| 005 | 20190320211339.0 | ||
| 008 | 230715s1975----mx-a######---#000-0#spa-# | ||
| 041 | _aspa | ||
| 044 | _amx | ||
| 050 | 4 |
_aF1219 _b.A48 1975 |
|
| 100 | 1 |
_aAlvarado Tezozomoc, Fernando _927751 |
|
| 245 | 1 | 0 |
_aCrónica mexicayotl _cFernando Alvarado Tezozomoc ; Traducción directa del náhuatl por Adrián León. |
| 260 |
_aMéxico _bUNAM, Instituto de Investigaciones Historicas _c1975 |
||
| 300 |
_axxviii, 187 p. _bil. _c22 cm. |
||
| 440 | 0 |
_aPrimera serie prehispánica _v3 _927752 |
|
| 500 | _aAu1909 | ||
| 501 | _aIncluye índice alfabético | ||
| 501 | _aTexto en: Español y náhuatl. | ||
| 650 | 1 | 4 |
_aIndígenas de México _xHistoria _922707 |
| 650 | 1 | 4 |
_aNáhuatl _xtextos _927753 |
| 651 | 4 |
_aMéxico _xHistoria _yHasta 1519 _99704 |
|
| 651 | 4 |
_aMéxico _xAntigüedades _92765 |
|
| 700 | 1 |
_aLeón, Adrián _etr _927754 |
|
| 902 | _aGRL | ||
| 942 |
_2lcc _cB |
||
| 999 |
_c10546 _d10546 |
||